Big Bang: el descubrimiento científico más importante de todos los tiempos y todo lo que hay que saber acerca del mismo

Guardat en:
Dades bibliogràfiques
Autor principal: Singh, Simon (Autor)
Format: Llibre
Idioma:espanyol
Publicat: Biblioteca Buridán 2004
Matèries:
Etiquetes: Afegir etiqueta
Sense etiquetes, Sigues el primer a etiquetar aquest registre!

MARC

LEADER 00000cam a2200000 a 4500
001 UCG7892
003 CL-VaPUC
008 111014e20040000SP |||||||||||||||||spa|d
020 |a 9788496831650 
082 0 4 |a 520  |b SIN  |2 21 
100 0 |a Singh, Simon  |e author  |9 558378 
245 1 0 |a Big Bang: el descubrimiento científico más importante de todos los tiempos y todo lo que hay que saber acerca del mismo 
300 |a 460 p 
942 |c BK 
945 |d 20111014 00:00:00  |a dcastane 
260 |b Biblioteca Buridán  |c 2004 
650 0 |a Astronomía  |9 260985 
650 0 |a Universo  |9 266563 
583 |a last modification  |c 20111014 14:55:00  |k Rodrigo Vera 
999 |c 345580  |d 345578 
952 |0 0  |1 0  |4 0  |6 520_000000000000000_SIN_2004  |7 0  |8 C  |9 444489  |a BIBCUR  |b BIBCUR  |d 2019-11-22  |i 4791835  |l 3  |o 520 SIN 2004  |p 4791835  |r 2025-04-22  |s 2025-04-09  |w 2019-11-22  |y BK  |k EXP